[Event "Kolomna-ch U14"]
[Site "Kolomna"]
[Date "2010.12.07"]
[Round "7"]
[White "Mulin, Nikina"]
[Black "Soza, Mikhail"]
[Result "0-1"]
[WhiteElo "1628"]
[BlackElo "1761"]
[PlyCount "104"]
[EventDate "2010.12.01"]
[EventType "tourn"]
[EventRounds "11"]
[EventCountry "RUS"]
[SourceTitle "EXT 2022"]
[Source "ChessBase"]
[SourceDate "2021.10.06"]
[SourceVersion "1"]
[SourceVersionDate "2021.10.06"]
[SourceQuality "1"]

1. Nf3 Nf6 2. d4 d5 3. e3 e6 4. Bd3 g6 5. Nbd2 Bg7 6. 0-0 Nbd7 7. Re1 c5 8. c3 0-0 9. e4 dxe4 10. Nxe4 cxd4 11. Nxd4 Nd5 12. Nf3 N7b6 13. Qb3 Bd7 14. Nc5 Bc6 15. Bb5 Bxb5 16. Qxb5 Qc7 17. Nd3 Qd7 18. Qxd7 Nxd7 19. Nfe5 Nxe5 20. Nxe5 Rfd8 21. Nc4 Rac8 22. Ne3 Rd7 23. Nxd5 Rxd5 24. Be3 a6 25. Rad1 Rcd8 26. Rxd5 Rxd5 27. g3 Rb5 28. Re2 Kf8 29. Rd2 Ke7 30. Kf1 h6 31. Ke2 f5 32. h3 g5 33. f4 Bf6 34. g4 gxf4 35. Bxf4 Bg5 36. Bxg5+ hxg5 37. gxf5 exf5 38. Kf3 Re5 39. Rd4 Re1 40. Rb4 b5 41. a4 Re5 42. axb5 Rxb5 43. Rxb5 axb5 44. b3 Kd6 45. c4 bxc4 46. bxc4 Kc5 47. Kg3 Kxc4 48. h4 gxh4+ 49. Kxh4 Kd3 50. Kg3 Ke3 51. Kg2 f4 52. Kf1 Kf3 0-1

[Event "Kolomna-ch U14"]
[Site "Kolomna"]
[Date "2010.12.06"]
[Round "6"]
[White "Vyatkin, Aleksandr1111"]
[Black "Mulin, Nikina"]
[Result "0-1"]
[WhiteElo "1788"]
[BlackElo "1628"]
[PlyCount "46"]
[EventDate "2010.12.01"]
[EventType "tourn"]
[EventRounds "11"]
[EventCountry "RUS"]
[SourceTitle "EXT 2022"]
[Source "ChessBase"]
[SourceDate "2021.10.06"]
[SourceVersion "1"]
[SourceVersionDate "2021.10.06"]
[SourceQuality "1"]

1. e4 d5 2. exd5 Nf6 3. Bb5+ Bd7 4. Bc4 g6 5. Nc3 Bg7 6. Nf3 0-0 7. d3 Re8 8. 0-0 e6 9. dxe6 Bxe6 10. Bxe6 Rxe6 11. Bf4 Nc6 12. Qd2 Nd5 13. Nxd5 Qxd5 14. c4 Qc5 15. Bxc7 Qe7 16. Qf4 Rc8 17. Rfe1 Qxc7 18. Qxc7 Rxc7 19. Rxe6 fxe6 20. Re1 Rd7 21. Rxe6 Rxd3 22. Re8+ Kf7 23. Rb8 Rd1+ 0-1